Cómo se organiza un congreso / (Registro nro. 140423)

Detalles MARC
000 -LEADER
campo de control de longitud fija 00592nam a2200169 4500
001 - NÚMERO DE CONTROL
campo de control 140423
003 - IDENTIFICADOR DE NÚMERO DE CONTROL
campo de control ES-MaACL
005 - FECHA Y HORA DE LA ÚLTIMA TRANSACCIÓN
campo de control 20230906200056.0
007 - CAMPO FIJO DE DESCRIPCIÓN FÍSICA--INFORMACIÓN GENERAL
campo de control de longitud fija t|
008 - DATOS DE LONGITUD FIJA--INFORMACIÓN GENERAL
campo de control de longitud fija 070214s1967 sp r ||||1| spa d
100 1# - ENTRADA PRINCIPAL--NOMBRE DE PERSONA
Nombre de persona Schweig, Karl F.
9 (RLIN) 104895
245 10 - MENCIÓN DEL TÍTULO
Título Cómo se organiza un congreso /
Mención de responsabilidad, etc. Karl F. Schweig ; traducción y adaptación de la Oficina Técnica y Auxiliar de Congresos.
260 ## - PUBLICACIÓN, DISTRIBUCIÓN, ETC.
Lugar de publicación, distribución, etc. Barcelona :
Nombre del editor, distribuidor, etc. Scholz,
Fecha de publicación, distribución, etc. 1967.
300 ## - DESCRIPCIÓN FÍSICA
Extensión 239 p., 5 lám. :
Otras características físicas il. ;
Dimensiones 27 cm +
Material acompañante/anejo 1 map.
710 2# - ENTRADA AGREGADA--NOMBRE DE ENTIDAD CORPORATIVA
Nombre de entidad corporativa o nombre de jurisdicción como elemento de entrada Oficina Técnica y Auxiliar de Congresos.
9 (RLIN) 6027
852 ## - LOCALIZACIÓN
Ubicación ES-MaACL
Número de control de estantería C-32339
Sublocalización o colección R.63159
Existencias
Estatus retirado Estado de pérdida Estado de daño No para préstamo Biblioteca de origen Biblioteca actual Ubicación en estantería Fecha de adquisición Fuente de adquisición Total de préstamos Signatura topográfica completa Código de barras Visto por última vez Precio de reemplazo Tipo de ítem Koha
        Biblioteca del Ateneo de Madrid Biblioteca del Ateneo de Madrid Depósito 2 17/01/2008     C-32339 1146130 23/02/2023 23/02/2023 Libro impreso